Music therapy : (Record no. 168)

MARC details
000 -LEADER
fixed length control field 00727cam a2200265 a 4500
005 - DATE AND TIME OF LATEST TRANSACTION
control field 20260322212009.0
008 - FIXED-LENGTH DATA ELEMENTS--GENERAL INFORMATION
fixed length control field data
010 ## - LIBRARY OF CONGRESS CONTROL NUMBER
LC control number 86-14484
020 ## - INTERNATIONAL STANDARD BOOK NUMBER
International Standard Book Number 0398052840
020 ## - INTERNATIONAL STANDARD BOOK NUMBER
International Standard Book Number 9780398052843
040 ## - CATALOGING SOURCE
Original cataloging agency DNLM
Transcribing agency DNLM
041 09 - LANGUAGE CODE
Language code of text/sound track or separate title eng
044 ## - COUNTRY OF PUBLISHING/PRODUCING ENTITY CODE
-- United States
060 00 - NATIONAL LIBRARY OF MEDICINE CALL NUMBER
Classification number WB 550
Item number P482m 1987
090 ## - LOCALLY ASSIGNED LC-TYPE CALL NUMBER (OCLC); LOCAL CALL NUMBER (RLIN)
Classification number (OCLC) (R) ; Classification number, CALL (RLIN) (NR) ML 3920 P383 1987
001 - CONTROL NUMBER
control field data
100 1# - MAIN ENTRY--PERSONAL NAME
Personal name Peters, Jacqueline Schmidt.
245 10 - TITLE STATEMENT
Title Music therapy :
Remainder of title an introduction /
Statement of responsibility, etc. Jacqueline Schmidt Peters.
260 ## - PUBLICATION, DISTRIBUTION, ETC.
Place of publication, distribution, etc. Springfield, Ill., U.S.A. :
Name of publisher, distributor, etc. C.C. Thomas,
Date of publication, distribution, etc. c1987.
300 ## - PHYSICAL DESCRIPTION
Extent xiii, 171 p.
500 ## - GENERAL NOTE
General note Includes indexes.
504 ## - BIBLIOGRAPHY, ETC. NOTE
Bibliography, etc. note Bibliography: p. 143-158.
590 ## - LOCAL NOTE (RLIN)
Local note Bibliography: p. 143-158. Includes indexes.
650 #2 - SUBJECT ADDED ENTRY--TOPICAL TERM
Topical term or geographic name entry element Music Therapy
Holdings
Withdrawn status Lost status Damaged status Not for loan Home library Current library Shelving location Date acquired Total checkouts Full call number Barcode Date last seen Price effective from Koha item type
        Centerville Centerville General stacks 22/03/2026   GEN BC0010173 22/03/2026 22/03/2026 Books